Dark Energy : (Record no. 16477)
[ view plain ]
| 000 -LEADER | |
|---|---|
| fixed length control field | 02742cam a2200325 i 4500 |
| 001 - CONTROL NUMBER | |
| control field | 16099815 |
| 003 - CONTROL NUMBER IDENTIFIER | |
| control field | EG-ScBUE |
| 005 - DATE AND TIME OF LATEST TRANSACTION | |
| control field | 20241218103528.0 |
| 008 - FIXED-LENGTH DATA ELEMENTS--GENERAL INFORMATION | |
| fixed length control field | 100222s2010 enka f b 001 0 eng d |
| 020 ## - INTERNATIONAL STANDARD BOOK NUMBER | |
| International Standard Book Number | 9780521516006 (hardback) |
| 040 ## - CATALOGING SOURCE | |
| Original cataloging agency | DLC |
| Language of cataloging | eng |
| Description conventions | rda |
| Transcribing agency | DLC |
| Modifying agency | DLC |
| -- | EG-ScBUE |
| 082 04 - DEWEY DECIMAL CLASSIFICATION NUMBER | |
| Classification number | 523.18 |
| Edition number | 22 |
| Item number | AME |
| 100 1# - MAIN ENTRY--PERSONAL NAME | |
| Personal name | Amendola, Luca, |
| Dates associated with a name | 1963- |
| Relator term | author. |
| 9 (RLIN) | 28958 |
| 245 10 - TITLE STATEMENT | |
| Title | Dark Energy : |
| Remainder of title | theory and observations / |
| Statement of responsibility, etc | Luca Amendola, Shinji Tsujikawa. |
| 264 #1 - PUBLICATION, DISTRIBUTION, ETC. (IMPRINT) | |
| Place of publication, distribution, etc | Cambridge ; |
| -- | New York : |
| Name of publisher, distributor, etc | Cambridge University Press, |
| Date of publication, distribution, etc | 2010. |
| 300 ## - PHYSICAL DESCRIPTION | |
| Extent | xiv, 491 pages : |
| Other physical details | illustrations ; |
| Dimensions | 25 cm |
| 336 ## - CONTENT TYPE | |
| Source | rdacontent |
| Content type term | text |
| Content type code | txt |
| 337 ## - MEDIA TYPE | |
| Media type term | unmediated |
| Source | rdamedia |
| Media type code | n |
| 338 ## - CARRIER TYPE | |
| Carrier type term | volume |
| Carrier type code | nc |
| Source | rdacarrier |
| 504 ## - BIBLIOGRAPHY, ETC. NOTE | |
| Bibliography, etc | Includes bibliographical references and index. |
| 505 8# - FORMATTED CONTENTS NOTE | |
| Formatted contents note | Machine generated contents note: 1. Overview; 2. Expansion history of the universe; 3. Correlation function and power spectrum; 4. Basics of cosmological perturbation theory; 5. Observational evidence of dark energy; 6. Cosmological constant; 7. Dark energy as a modified form of matter I: quintessence; 8. Dark energy as a modified form of matter II; 9. Dark energy as a modification of gravity; 10. Cosmic acceleration without dark energy; 11. Dark energy and linear cosmological perturbations; 12. Non-linear cosmological perturbations; 13. Statistical methods in cosmology; 14. Future observational constraints on the nature of dark energy; 15. Conclusion and outlook; 16. Answers to the problems; 17. Mathematical appendix; Index. |
| 520 ## - SUMMARY, ETC. | |
| Summary, etc | "Dark energy, the mysterious cause of the accelerating expansion of the Universe, is one of the most important fields of research in astrophysics and cosmology today. Introducing the theoretical ideas, observational methods and results, this textbook is ideally suited to graduate courses on dark energy, and will also supplement advanced cosmology courses. Providing a thorough introduction to this exciting field, the textbook covers the cosmological constant, quintessence, k-essence, perfect fluid models, extradimensional models, and modified gravity. Observational research is reviewed, from the cosmic microwave background to baryon acoustic oscillations, weak lensing, and cluster abundances. Every chapter ends with problems, with full solutions provided, and any calculations are worked through step-by-step. "-- |
| 650 #7 - SUBJECT ADDED ENTRY--TOPICAL TERM | |
| Topical term or geographic name as entry element | Dark energy (Astronomy) |
| Source of heading or term | BUEsh |
| 9 (RLIN) | 28959 |
| 653 ## - INDEX TERM--UNCONTROLLED | |
| Arrived date list | February2012 |
| 655 ## - INDEX TERM--GENRE/FORM | |
| Form subdivision | Reading book |
| 700 1# - ADDED ENTRY--PERSONAL NAME | |
| Personal name | Tsujikawa, Shinji, |
| Relator term | author. |
| 9 (RLIN) | 28960 |
| 856 42 - ELECTRONIC LOCATION AND ACCESS | |
| Materials specified | Cover image |
| Uniform Resource Identifier | <a href="http://assets.cambridge.org/97805215/16006/cover/9780521516006.jpg">http://assets.cambridge.org/97805215/16006/cover/9780521516006.jpg</a> |
| 942 ## - ADDED ENTRY ELEMENTS (KOHA) | |
| Source of classification or shelving scheme | Dewey Decimal Classification |
| Koha item type | Book - Borrowing |
| Withdrawn status | Lost status | Source of classification or shelving scheme | Damaged status | Not for loan | Collection code | Home library | Current library | Shelving location | Date acquired | Source of acquisition | Cost, normal purchase price | Serial Enumeration / chronology | Total Checkouts | Total Renewals | Full call number | Barcode | Date last seen | Date checked out | Price effective from | Koha item type |
|---|---|---|---|---|---|---|---|---|---|---|---|---|---|---|---|---|---|---|---|---|
| Dewey Decimal Classification | Alahram | Central Library | Central Library | First floor | 16/02/2012 | Purchase | 495.00 | 681 | 3 | 2 | 523.18 AME | 000026129 | 15/07/2025 | 11/10/2017 | 16/02/2012 | Book - Borrowing |